[Event "SLO-chT (Women)"]
[White "Radic, Snezana"]
[Black "Orel, Karmen"]
[Site "Bled"]
[Round "1"]
[Result "0-1"]
[Date "2004.11.19"]
[WhiteElo "1500"]
[BlackElo "1982"]
[PlyCount "84"]
[EventDate "2004.11.19"]
[EventType "team-tourn"]
[EventRounds "9"]
[EventCountry "SLO"]
[SourceTitle "CBM 103 Extra"]
[Source "ChessBase"]
[SourceDate "2005.01.01"]
[SourceVersion "1"]
[SourceVersionDate "2005.01.01"]
[SourceQuality "1"]

1. e4 c5 2. Nf3 e6 3. Nc3 Nc6 4. Bc4 a6 5. d3 b5 6. Bb3 d6 7. 0-0 Nf6 8. h3 Be7 9. Bf4 Nd7 10. Qd2 0-0 11. a4 b4 12. Ne2 Na5 13. Bc4 Nb6 14. Bb3 d5 15. exd5 exd5 16. c3 Nxb3 17. Qc2 Nxa1 18. Rxa1 Bf5 19. Qd2 Bd6 20. a5 Nc8 21. d4 Re8 22. Ng3 Bg6 23. Kf1 bxc3 24. bxc3 c4 25. Ne5 Qc7 26. Nxg6 hxg6 27. Bxd6 Nxd6 28. Ne2 Ne4 29. Qc1 Qh2 30. Ra3 Re6 31. Qc2 Rf6 32. f3 Re8 33. Ra2 Qh1+ 34. Ng1 Ng3+ 35. Kf2 Qh2 36. Qd1 Ne4+ 37. Kf1 Nxc3 38. Qc2 Nxa2 39. Qxa2 Re1+ 40. Kf2 Rxg1 41. Qa3 Qxg2+ 42. Ke3 Rxf3# 0-1

[Event "SLO-ch U20"]
[White "Orel, Karmen"]
[Black "Bucar, Natasa"]
[Site "Celje"]
[Round "6"]
[Result "1-0"]
[Date "2004.01.14"]
[WhiteElo "1958"]
[BlackElo "1567"]
[PlyCount "49"]
[EventDate "2004.01.10"]
[EventType "swiss"]
[EventRounds "7"]
[EventCountry "SLO"]
[SourceTitle "CBM 098 Extra"]
[Source "ChessBase"]
[SourceDate "2004.03.10"]
[SourceVersion "2"]
[SourceVersionDate "2004.03.10"]
[SourceQuality "1"]

1. e4 c5 2. Nf3 d6 3. d4 cxd4 4. Nxd4 a6 5. Nc3 Nf6 6. Be2 e5 7. Nb3 Be7 8. Be3 Be6 9. 0-0 0-0 10. f4 Nc6 11. f5 Bxb3 12. axb3 Qd7 13. Bf3 Nb4 14. Na4 Bd8 15. c3 b5 16. cxb4 bxa4 17. bxa4 Be7 18. Qd2 Rab8 19. a5 Rfc8 20. Rfc1 Qb5 21. Rxc8+ Rxc8 22. Bg5 d5 23. Bxf6 Bxb4 24. Qg5 g6 25. fxg6 1-0

[Event "SLO-ch U20"]
[White "Butolen, Vanja"]
[Black "Orel, Karmen"]
[Site "Celje"]
[Round "3"]
[Result "1-0"]
[Date "2004.01.11"]
[WhiteElo "1697"]
[BlackElo "1958"]
[PlyCount "103"]
[EventDate "2004.01.10"]
[EventType "swiss"]
[EventRounds "7"]
[EventCountry "SLO"]
[SourceTitle "CBM 098 Extra"]
[Source "ChessBase"]
[SourceDate "2004.03.10"]
[SourceVersion "2"]
[SourceVersionDate "2004.03.10"]
[SourceQuality "1"]

1. d4 Nf6 2. Bg5 e6 3. e4 h6 4. Bxf6 Qxf6 5. Nf3 c5 6. c3 b6 7. Bd3 Bb7 8. 0-0 d5 9. exd5 Bxd5 10. Bb5+ Bc6 11. Bxc6+ Nxc6 12. Qa4 Rc8 13. Ne5 Bd6 14. Nxc6 0-0 15. Nd2 Qf4 16. Nf3 f6 17. Qb5 g5 18. Rae1 g4 19. Nfe5 fxe5 20. dxe5 a6 21. Qxb6 Bc7 22. Qxa6 Rce8 23. Qa7 Rf7 24. Qxc5 Qd2 25. Rb1 Qg5 26. b4 Rf5 27. Nd4 Rf7 28. Qc6 Qe7 29. Qe4 Rg7 30. c4 Rg5 31. Nc6 Qg7 32. Rfe1 h5 33. b5 Bb6 34. a4 Rf8 35. Rf1 g3 36. hxg3 Rxg3 37. Na5 Rg4 38. Qb7 Bc7 39. b6 h4 40. Rb3 Bxe5 41. Qxg7+ Rxg7 42. b7 Bb8 43. Nc6 Rg4 44. Nxb8 Rxb8 45. Rc1 Rg7 46. Rcb1 Rc7 47. a5 Rc6 48. Rb6 Rxc4 49. Ra6 Rd4 50. Ra8 Rdd8 51. Rxb8 Rxb8 52. a6 1-0

[Event "SLO-chT (Women)"]
[White "Orel, Karmen"]
[Black "Marusic, Nada"]
[Site "Skofja Loka"]
[Round "7"]
[Result "1-0"]
[Date "2002.12.07"]
[WhiteElo "1917"]
[BlackElo "2012"]
[PlyCount "125"]
[EventDate "2002.11.29"]
[EventType "team-tourn"]
[EventRounds "7"]
[EventCountry "SLO"]
[SourceTitle "EXT 2005"]
[Source "ChessBase"]
[SourceDate "2004.11.15"]
[SourceVersion "1"]
[SourceVersionDate "2004.11.15"]
[SourceQuality "1"]

1. e4 e6 2. d4 d5 3. exd5 exd5 4. Bd3 c5 5. Bb5+ Nc6 6. Ne2 Nf6 7. 0-0 a6 8. Bxc6+ bxc6 9. Re1 Be7 10. dxc5 0-0 11. Be3 Qa5 12. Nd4 Qc7 13. Nf3 Ne4 14. b4 a5 15. c3 axb4 16. cxb4 Bg4 17. Bd4 Ng5 18. Nbd2 Ra3 19. Re3 Rfa8 20. Qe2 Ne6 21. Rxa3 Rxa3 22. Bb2 Ra4 23. a3 Qb7 24. Nb3 h6 25. h3 Bxf3 26. Qxf3 Qa6 27. Re1 Qb7 28. Qg3 Bf8 29. Nd4 Nxd4 30. Bxd4 Qd7 31. Qb8 Qa7 32. Re8 Qxb8 33. Rxb8 f6 34. Bb2 Kf7 35. Rb6 Ke7 36. Rxc6 Kd7 37. Rb6 Kc7 38. Re6 Kd7 39. Re3 Ra8 40. Bd4 Kc6 41. Kf1 Kb5 42. Bb2 Kc4 43. Rc3+ Kb5 44. Ke2 Re8+ 45. Re3 Ra8 46. Kd3 Rd8 47. Re6 Bxc5 48. bxc5 Kxc5 49. Bc3 Rd7 50. Bb4+ Kb5 51. Rd6 Rb7 52. Rxd5+ Ka6 53. Kc4 Rc7+ 54. Rc5 Rd7 55. a4 Kb7 56. Kb5 Ka7 57. a5 Rb7+ 58. Kc4 Rd7 59. Rc6 Kb7 60. Kb5 Rd5+ 61. Bc5 h5 62. a6+ Kb8 63. a7+ 1-0

[Event "SLO-chT (Women)"]
[White "Orel, Karmen"]
[Black "Vospernik, Mira"]
[Site "Skofja Loka"]
[Round "1"]
[Result "0-1"]
[Date "2002.11.29"]
[WhiteElo "1917"]
[BlackElo "2078"]
[PlyCount "108"]
[EventDate "2002.11.29"]
[EventType "team-tourn"]
[EventRounds "7"]
[EventCountry "SLO"]
[SourceTitle "EXT 2005"]
[Source "ChessBase"]
[SourceDate "2004.11.15"]
[SourceVersion "1"]
[SourceVersionDate "2004.11.15"]
[SourceQuality "1"]

1. e4 c5 2. Nf3 a6 3. d4 cxd4 4. Nxd4 Nf6 5. Nc3 e5 6. Nf3 Bb4 7. Bd2 Nc6 8. Bd3 h6 9. 0-0 d6 10. h3 0-0 11. a3 Ba5 12. b4 Bb6 13. Na4 Ba7 14. c4 Nd4 15. Bc3 Nxf3+ 16. Qxf3 Bd7 17. Bc2 Qc7 18. Nb2 Be6 19. Rfc1 Rac8 20. Bd2 Qe7 21. Bd3 Bd4 22. Bc3 Bxc3 23. Rxc3 d5 24. exd5 Bxd5 25. Bh7+ Kxh7 26. cxd5 Rxc3 27. Qxc3 e4 28. Rd1 Rd8 29. Qc4 Qe5 30. Na4 b5 31. Qc3 Qh5 32. g4 Nxg4 33. Rd4 Ne5 34. Nc5 Nf3+ 35. Kg2 Qg5+ 36. Kf1 Nxd4 37. Qxd4 Rxd5 38. Qxe4+ g6 39. h4 Qc1+ 40. Kg2 Rf5 41. Nxa6 Qxa3 42. Nc7 Qb2 43. Qe3 Qxb4 44. f4 Qxf4 45. Qxf4 Rxf4 46. Kg3 Rb4 47. Nd5 Rb1 48. Kf4 b4 49. Ke3 b3 50. Kd2 b2 51. Kc2 Rd1 52. Nc3 b1Q+ 53. Nxb1 Rxb1 54. Kxb1 f5 0-1

[Event "Olympiad Women-35"]
[White "Sheldon, Ruth"]
[Black "Orel, Karmen"]
[Site "Bled"]
[Round "11.3"]
[Result "1-0"]
[Date "2002.11.06"]
[WhiteElo "2288"]
[BlackElo "1917"]
[PlyCount "47"]
[EventDate "2002.10.26"]
[EventType "team-swiss"]
[EventRounds "14"]
[EventCountry "SLO"]
[SourceTitle "EXT 2003"]
[Source "ChessBase"]
[SourceDate "2002.11.25"]
[SourceVersion "1"]
[SourceVersionDate "2002.11.25"]
[SourceQuality "1"]
[WhiteTeam "England (W)"]
[BlackTeam "Slovenia (W) III"]
[WhiteTeamCountry "ENG"]
[BlackTeamCountry "SLO"]

1. d4 Nf6 2. c4 e6 3. Nc3 Bb4 4. Qc2 b6 5. a3 Bxc3+ 6. Qxc3 Bb7 7. Bg5 h6 8. Bh4 d6 9. f3 Nbd7 10. e4 c5 11. Bg3 cxd4 12. Qxd4 d5 13. cxd5 exd5 14. Bd6 dxe4 15. Bb5 Bd5 16. fxe4 Be6 17. Nf3 a6 18. Bc6 Rc8 19. Rc1 Nh5 20. 0-0 f6 21. e5 Kf7 22. exf6 Nhxf6 23. Bxd7 Nxd7 24. Ng5+ 1-0

[Event "EU-ch U18 Girls"]
[White "Bensdorp, Marlies"]
[Black "Orel, Karmen"]
[Site "Peniscola"]
[Round "8"]
[Result "1-0"]
[Date "2002.10.07"]
[WhiteElo "2117"]
[BlackElo "2026"]
[PlyCount "69"]
[EventDate "2002.09.29"]
[EventType "swiss"]
[EventRounds "9"]
[EventCountry "ESP"]
[SourceTitle "CBM 090 Extra"]
[Source "ChessBase"]
[SourceDate "2002.11.07"]
[SourceVersion "1"]
[SourceVersionDate "2002.11.07"]
[SourceQuality "1"]

1. d4 Nf6 2. c4 e6 3. Nc3 Bb4 4. Qc2 c5 5. dxc5 Bxc5 6. Nf3 Qb6 7. e3 Qc7 8. Be2 a6 9. 0-0 b6 10. a3 Bb7 11. b4 Be7 12. Bb2 Ng4 13. Ne4 f5 14. Ng3 h5 15. Rfc1 h4 16. Nf1 Be4 17. Qd1 Bf6 18. Bxf6 gxf6 19. h3 Ne5 20. Nxe5 Qxe5 21. Nd2 Rg8 22. Nxe4 fxe4 23. Qd4 Qxd4 24. exd4 Nc6 25. Rd1 e5 26. dxe5 Nxe5 27. Kh2 Ke7 28. Rd4 f5 29. Rad1 Rg5 30. f4 exf3 31. Bxf3 Rag8 32. Re1 Kf6 33. Rd6+ Kf7 34. Rxe5 Rc8 35. Rxb6 1-0

[Event "EU-ch U18 Girls"]
[White "Aghayeva, Shahana Mazahir Qiz"]
[Black "Orel, Karmen"]
[Site "Peniscola"]
[Round "7"]
[Result "1-0"]
[Date "2002.10.06"]
[WhiteElo "2123"]
[BlackElo "2026"]
[PlyCount "97"]
[EventDate "2002.09.29"]
[EventType "swiss"]
[EventRounds "9"]
[EventCountry "ESP"]
[SourceTitle "CBM 090 Extra"]
[Source "ChessBase"]
[SourceDate "2002.11.07"]
[SourceVersion "1"]
[SourceVersionDate "2002.11.07"]
[SourceQuality "1"]

1. e4 c5 2. c3 Nf6 3. e5 Nd5 4. d4 cxd4 5. Nf3 Nc6 6. Bc4 e6 7. cxd4 d6 8. 0-0 Qc7 9. Qe2 Be7 10. Rd1 Bd7 11. Bxd5 exd5 12. Nc3 Be6 13. Nb5 Qd7 14. exd6 Bxd6 15. Nxd6+ Qxd6 16. Ng5 Nd8 17. Qb5+ Qd7 18. Qd3 h6 19. Nxe6 Nxe6 20. Qg3 Qc7 21. Qb3 Rb8 22. Qa4+ Qc6 23. Qxa7 0-0 24. Qa3 Qc2 25. Be3 Ra8 26. Qc3 Qxc3 27. bxc3 Rfc8 28. Bd2 Ra4 29. Rdb1 Rca8 30. Rb2 R8a7 31. Kf1 g5 32. Ke2 Kf8 33. Kd3 Ke7 34. g3 f5 35. Rab1 Nd8 36. Re1+ Kf6 37. Rb5 R4a5 38. Rb6+ Nc6 39. Reb1 Rxa2 40. Rxb7 R7a6 41. Rd7 Ke6 42. Rh7 Kf6 43. Rxh6+ Kg7 44. Rh5 Kg6 45. Rxg5+ Kf6 46. Rh5 Kg6 47. Rh6+ Kg7 48. Rb7+ Kg8 49. Rh5 1-0

[Event "EU-ch U18 Girls"]
[White "Harbuz, Daniela"]
[Black "Orel, Karmen"]
[Site "Peniscola"]
[Round "5"]
[Result "1/2-1/2"]
[Date "2002.10.03"]
[WhiteElo "2077"]
[BlackElo "2026"]
[PlyCount "49"]
[EventDate "2002.09.29"]
[EventType "swiss"]
[EventRounds "9"]
[EventCountry "ESP"]
[SourceTitle "CBM 090 Extra"]
[Source "ChessBase"]
[SourceDate "2002.11.07"]
[SourceVersion "1"]
[SourceVersionDate "2002.11.07"]
[SourceQuality "1"]

1. e4 e5 2. Bc4 Nc6 3. Nf3 Nf6 4. d3 h6 5. 0-0 Bc5 6. c3 d6 7. Re1 Bg4 8. Nbd2 0-0 9. Nf1 Na5 10. Bb5 c6 11. Ba4 b5 12. Bc2 Bb6 13. b4 Nb7 14. a4 bxa4 15. Bxa4 Qc7 16. h3 Be6 17. d4 a5 18. Bb2 Rfd8 19. Qe2 exd4 20. bxa5 Nxa5 21. cxd4 Nc4 22. Bc2 d5 23. e5 Ne4 24. N1d2 Ncxd2 25. Nxd2 1/2-1/2

[Event "EU-ch U18 Girls"]
[White "Orel, Karmen"]
[Black "Bacrot, Nathalie"]
[Site "Peniscola"]
[Round "3"]
[Result "0-1"]
[Date "2002.10.01"]
[WhiteElo "2026"]
[BlackElo "2040"]
[PlyCount "102"]
[EventDate "2002.09.29"]
[EventType "swiss"]
[EventRounds "9"]
[EventCountry "ESP"]
[SourceTitle "CBM 090 Extra"]
[Source "ChessBase"]
[SourceDate "2002.11.07"]
[SourceVersion "1"]
[SourceVersionDate "2002.11.07"]
[SourceQuality "1"]

1. e4 g6 2. d4 Bg7 3. f4 d6 4. Nc3 a6 5. a4 Nd7 6. Nf3 e6 7. Be3 Ne7 8. Qd2 0-0 9. g4 c5 10. dxc5 Nxc5 11. e5 Nd5 12. Nxd5 exd5 13. Qxd5 Bxg4 14. Be2 Rc8 15. c3 dxe5 16. Qxd8 Rfxd8 17. Nxe5 Bxe2 18. Kxe2 Bxe5 19. fxe5 Re8 20. b4 Nd7 21. Bd4 Nxe5 22. Bxe5 Rxe5+ 23. Kd3 Rd8+ 24. Kc4 Re3 25. Rac1 f5 26. b5 axb5+ 27. Kxb5 Rc8 28. Kb6 Rexc3 29. Rxc3 Rxc3 30. a5 Rb3+ 31. Kc5 Rb2 32. h3 Kf7 33. Rd1 Ke7 34. Re1+ Kd7 35. Rd1+ Kc7 36. Re1 Rc2+ 37. Kb5 Rb2+ 38. Kc5 Kd7 39. Rd1+ Ke7 40. Re1+ Kf6 41. Rd1 f4 42. Kd4 Kf5 43. Rc1 Rb5 44. Ra1 Rb3 45. h4 Kg4 46. Rh1 Ra3 47. Rb1 Rxa5 48. Rxb7 Rh5 49. Ke4 Rxh4 50. Rf7 g5 51. Rf6 h5 0-1

[Event "EU-ch U18 Girls"]
[White "Hrabinska, Myroslava"]
[Black "Orel, Karmen"]
[Site "Peniscola"]
[Round "2"]
[Result "1-0"]
[Date "2002.09.30"]
[WhiteElo "2257"]
[BlackElo "2026"]
[PlyCount "87"]
[EventDate "2002.09.29"]
[EventType "swiss"]
[EventRounds "9"]
[EventCountry "ESP"]
[SourceTitle "CBM 090 Extra"]
[Source "ChessBase"]
[SourceDate "2002.11.07"]
[SourceVersion "1"]
[SourceVersionDate "2002.11.07"]
[SourceQuality "1"]

1. e4 c5 2. b4 cxb4 3. a3 d6 4. axb4 Nf6 5. Nc3 Qb6 6. b5 Bg4 7. f3 Bd7 8. d4 e6 9. Be3 Qc7 10. Qd2 d5 11. Bf4 Qc8 12. Na4 Qd8 13. e5 Ng8 14. c4 dxc4 15. Bxc4 a5 16. Kf2 Bb4 17. Qd3 Ne7 18. Ne2 Bc8 19. Bd2 Bxd2 20. Qxd2 Nd7 21. Bb3 Nxe5 22. Nec3 Nd7 23. h4 Nf5 24. d5 Nb6 25. g4 Nxh4 26. Qd4 Nxa4 27. Qxg7 Qb6+ 28. Kg3 Ng6 29. Rxa4 Qd6+ 30. Kh3 Qe5 31. Qxe5 Nxe5 32. Kg3 Nd3 33. dxe6 Bxe6 34. Bxe6 fxe6 35. b6 Nc5 36. Rc4 Na6 37. Ne4 Ke7 38. Rh5 Kd7 39. Rg5 Rab8 40. Rg7+ Ke8 41. Nd6+ Kf8 42. Rd7 a4 43. Rf4+ Kg8 44. Rff7 1-0

[Event "SLO-ch (Women)"]
[White "Orel, Karmen"]
[Black "Stevanec, Lea"]
[Site "Dobrna"]
[Round "2"]
[Result "0-1"]
[Date "2002.08.04"]
[WhiteElo "2026"]
[BlackElo "2123"]
[PlyCount "91"]
[EventDate "2002.08.03"]
[EventType "k.o."]
[EventRounds "5"]
[EventCountry "SLO"]
[SourceTitle "CBM 089 Extra"]
[Source "ChessBase"]
[SourceDate "2002.09.10"]
[SourceVersion "2"]
[SourceVersionDate "2002.09.10"]
[SourceQuality "1"]

1. e4 c5 2. Nf3 d6 3. d4 cxd4 4. Nxd4 Nf6 5. Nc3 e6 6. Be2 a6 7. 0-0 Nbd7 8. f4 b5 9. Bf3 Bb7 10. e5 Bxf3 11. Qxf3 dxe5 12. Nc6 Qb6+ 13. Be3 Bc5 14. fxe5 Bxe3+ 15. Kh1 Rc8 16. exf6 Nxf6 17. Ne5 Bd4 18. Ng4 0-0 19. Nxf6+ Bxf6 20. Rae1 Bxc3 21. bxc3 Qc6 22. Re3 Qxf3 23. Rexf3 Rc4 24. a3 Ra4 25. Ra1 Rc8 26. Rd3 Kf8 27. Kg1 Rac4 28. Rd6 Rxc3 29. Rxa6 Rxc2 30. Rb6 Rc1+ 31. Rxc1 Rxc1+ 32. Kf2 Rc5 33. Ke2 Ke7 34. Kd3 g6 35. Kd4 Rc4+ 36. Kd3 Ra4 37. Rxb5 Rxa3+ 38. Ke2 h5 39. Rb6 Kf6 40. Rb7 h4 41. Rb4 g5 42. Rg4 Kf5 43. h3 e5 44. Rb4 e4 45. Rb2 Kf4 46. Rb4 0-1

[Event "SLO-ch (Women)"]
[White "Stevanec, Lea"]
[Black "Orel, Karmen"]
[Site "Dobrna"]
[Round "2"]
[Result "0-1"]
[Date "2002.08.04"]
[WhiteElo "2123"]
[BlackElo "2026"]
[PlyCount "127"]
[EventDate "2002.08.03"]
[EventType "k.o."]
[EventRounds "5"]
[EventCountry "SLO"]
[SourceTitle "CBM 089 Extra"]
[Source "ChessBase"]
[SourceDate "2002.09.10"]
[SourceVersion "2"]
[SourceVersionDate "2002.09.10"]
[SourceQuality "1"]

1. e4 c5 2. Nf3 e6 3. d4 cxd4 4. Nxd4 a6 5. Bd3 Nc6 6. Nxc6 bxc6 7. 0-0 d5 8. Re1 Qc7 9. exd5 cxd5 10. c4 dxc4 11. Qa4+ Bd7 12. Qxc4 Qa5 13. Nc3 Nf6 14. Bf4 Be7 15. Bc7 Qb4 16. Qxb4 Bxb4 17. Be5 Ke7 18. a3 Ba5 19. b4 Bb6 20. Rad1 Ng4 21. Bg3 Bc6 22. Bf5 Nf6 23. Bd6+ Kd7 24. Bh3 Kc8 25. Rc1 Kb7 26. Be5 Rhd8 27. Red1 Rac8 28. Rxd8 Rxd8 29. Rd1 Rxd1+ 30. Nxd1 Ba4 31. Nc3 Bc2 32. g4 h6 33. Bg2+ Kc8 34. h3 Ne8 35. Bf1 Kb7 36. Bg2+ Ka7 37. Bc6 f6 38. Bg3 Nc7 39. Bd6 Bb3 40. Ne2 g6 41. Nf4 g5 42. Nh5 f5 43. Kg2 fxg4 44. hxg4 Nb5 45. Bf8 Nxa3 46. Bxh6 Nc2 47. Bxg5 Nxb4 48. Be4 a5 49. Bf6 Nd5 50. Be5 Bd8 51. f4 Bd1 52. Kh3 Ne3 53. Bd4+ Bb6 54. Bxe3 Bxe3 55. Kg3 a4 56. Ng7 a3 57. Bb1 Bb3 58. Kf3 Bd4 59. Ne8 Bd5+ 60. Ke2 Kb6 61. Kd3 Bb2 62. Nd6 Kc5 63. Ne4+ Kb4 64. f5 0-1

[Event "SLO-chT U20"]
[White "Orel, Karmen"]
[Black "Svent, Matej"]
[Site "Slovenia"]
[Round "6"]
[Result "1-0"]
[Date "2002.??.??"]
[WhiteElo "1829"]
[BlackElo "1745"]
[PlyCount "56"]
[EventDate "2002.08.??"]
[EventType "team-tourn"]
[EventRounds "9"]
[EventCountry "SLO"]
[SourceTitle "EXT 2005"]
[Source "ChessBase"]
[SourceDate "2004.11.15"]
[SourceVersion "1"]
[SourceVersionDate "2004.11.15"]
[SourceQuality "1"]

1. e4 c5 2. Nf3 Nc6 3. d4 cxd4 4. Nxd4 d6 5. Nc3 e6 6. Be3 Nf6 7. Be2 Be7 8. 0-0 a6 9. f4 0-0 10. Bf3 Nd7 11. Kh1 Nb6 12. Qe2 Qc7 13. Nxc6 bxc6 14. f5 exf5 15. exf5 Bf6 16. Qd3 d5 17. Bc5 Rd8 18. Bh5 Nc4 19. b3 Ne5 20. Qg3 Re8 21. Rae1 Bb7 22. Na4 Qa5 23. Qe3 h6 24. Bb6 Qb4 25. Bd4 Nd7 26. Qxe8+ Rxe8 27. Rxe8+ Kh7 28. Bxf7 g5 1-0

[Event "SLO-chT (Women)"]
[White "Riznar, Helena"]
[Black "Orel, Karmen"]
[Site "Bled"]
[Round "2"]
[Result "1-0"]
[Date "2001.11.25"]
[WhiteElo "2015"]
[BlackElo "1836"]
[PlyCount "127"]
[EventDate "2001.11.18"]
[EventType "team-tourn"]
[EventRounds "5"]
[EventCountry "SLO"]
[SourceTitle "EXT 2003"]
[Source "ChessBase"]
[SourceDate "2002.11.25"]
[SourceVersion "1"]
[SourceVersionDate "2002.11.25"]
[SourceQuality "1"]

1. e4 c5 2. c3 Nf6 3. e5 Nd5 4. d4 cxd4 5. cxd4 d6 6. Nf3 Bg4 7. Be2 e6 8. h3 Bh5 9. Nc3 Nxc3 10. bxc3 dxe5 11. Nxe5 Bxe2 12. Qxe2 Qd5 13. 0-0 Bd6 14. Nc4 0-0 15. Nxd6 Qxd6 16. Bb2 Nd7 17. c4 Nf6 18. Rfd1 Rfd8 19. Rd3 Qa6 20. Ra3 Qc6 21. Rc1 Rd6 22. Qe5 Nd7 23. Qg3 f6 24. Qg4 Nf8 25. Re3 Qd7 26. Rce1 Re8 27. d5 e5 28. Qe2 Rc8 29. Ba3 Ra6 30. Rb1 Ng6 31. Reb3 Nf4 32. Qb2 b6 33. Kh2 Rxc4 34. d6 Raa4 35. Rg3 Ne6 36. Rc1 Qc6 37. Rxc4 Rxc4 38. Qb3 Nd4 39. Qd3 b5 40. h4 a5 41. h5 f5 42. h6 g6 43. Qd2 f4 44. Rg5 b4 45. Qd3 e4 46. d7 exd3 47. d8Q+ Kf7 48. Qh8 Qf6 49. Qxh7+ Kf8 50. Qxg6 Qxg6 51. Rxg6 Rc5 52. g4 Nf3+ 53. Kh3 Kf7 54. Rg7+ Kf6 55. Bb2+ Rc3 56. Rd7 d2 57. h7 Ng5+ 58. Kh4 Kg6 59. Bxc3 bxc3 60. h8Q Nf3+ 61. Kh3 Ng5+ 62. Kg2 f3+ 63. Kh2 Ne6 64. Qh5+ 1-0

[Event "SLO-chT (Women)"]
[White "Orel, Karmen"]
[Black "Grosar, Kiti"]
[Site "Bled"]
[Round "3"]
[Result "0-1"]
[Date "2001.11.23"]
[WhiteElo "1836"]
[BlackElo "2227"]
[PlyCount "78"]
[EventDate "2001.11.18"]
[EventType "team-tourn"]
[EventRounds "5"]
[EventCountry "SLO"]
[SourceTitle "EXT 2003"]
[Source "ChessBase"]
[SourceDate "2002.11.25"]
[SourceVersion "1"]
[SourceVersionDate "2002.11.25"]
[SourceQuality "1"]

1. e4 d5 2. exd5 Qxd5 3. d4 Bf5 4. c4 Qd7 5. Nf3 e6 6. Nc3 Bb4 7. Qb3 Bxc3+ 8. Qxc3 Nf6 9. Be2 Nc6 10. Be3 Ne4 11. Qb3 0-0 12. 0-0 a5 13. Qb5 Rfd8 14. Rfd1 Nd6 15. Qa4 h6 16. d5 Nd4 17. Qxd7 Nxe2+ 18. Kf1 Rxd7 19. Ne5 Re7 20. c5 exd5 21. Rxd5 Nb5 22. c6 Nd6 23. cxb7 Nxb7 24. Nc6 Re6 25. Rxf5 Rxc6 26. Kxe2 Rc2+ 27. Kd3 Rxb2 28. Kc3 Nd6 29. Rxf7 Rb4 30. Re7 Rd8 31. Kc2 Nb5 32. a3 Rc4+ 33. Kb3 Rc3+ 34. Kb2 Rdd3 35. a4 Nd6 36. Rc1 Nc4+ 37. Ka2 Ra3+ 38. Kb1 Rab3+ 39. Kc2 Na3# 0-1

[Event "EU-ch U18 Girls"]
[White "Orel, Karmen"]
[Black "Tidman, Sophie E"]
[Site "Chalkidiki"]
[Round "7"]
[Result "0-1"]
[Date "2001.09.07"]
[WhiteElo "2026"]
[BlackElo "2001"]
[PlyCount "52"]
[EventDate "2001.08.31"]
[EventType "swiss"]
[EventRounds "9"]
[EventCountry "GRE"]
[SourceTitle "EXT 2002"]
[Source "ChessBase"]
[SourceDate "2001.11.25"]
[SourceVersion "1"]
[SourceVersionDate "2001.11.25"]
[SourceQuality "1"]

1. e4 c5 2. Nf3 Nc6 3. d4 cxd4 4. Nxd4 Nf6 5. Nc3 e5 6. Ndb5 d6 7. Bg5 a6 8. Na3 b5 9. Nd5 Be7 10. Bxf6 Bxf6 11. g3 Bg5 12. h4 Bh6 13. c3 0-0 14. Bg2 Ne7 15. Nc2 Nxd5 16. Qxd5 Be6 17. Qd1 a5 18. a4 bxa4 19. Rxa4 Rb8 20. b4 Qc7 21. Ra3 Bc4 22. Rxa5 Bb5 23. Qf3 f5 24. exf5 e4 25. Qxe4 Qxc3+ 26. Kd1 Qd2# 0-1

[Event "EU-ch U18 Girls"]
[White "Orel, Karmen"]
[Black "Mallet, Celine"]
[Site "Chalkidiki"]
[Round "5"]
[Result "0-1"]
[Date "2001.09.04"]
[WhiteElo "2026"]
[BlackElo "2117"]
[PlyCount "100"]
[EventDate "2001.08.31"]
[EventType "swiss"]
[EventRounds "9"]
[EventCountry "GRE"]
[SourceTitle "EXT 2002"]
[Source "ChessBase"]
[SourceDate "2001.11.25"]
[SourceVersion "1"]
[SourceVersionDate "2001.11.25"]
[SourceQuality "1"]

1. e4 c5 2. Nf3 Nc6 3. d4 cxd4 4. Nxd4 Nf6 5. Nc3 e5 6. Ndb5 d6 7. Bg5 a6 8. Na3 b5 9. Nd5 Be7 10. Bxf6 Bxf6 11. g3 Ne7 12. Nxe7 Bxe7 13. Bg2 Bb7 14. c3 0-0 15. 0-0 Qb6 16. Qb3 Rac8 17. c4 b4 18. Nc2 a5 19. a3 a4 20. Qxa4 Rxc4 21. Rfe1 Bg5 22. Rad1 Ra8 23. Qb3 Rac8 24. Nxb4 Rc2 25. Qxc2 Rxc2 26. Nxc2 Qxb2 27. Rb1 Qxc2 28. Rxb7 h6 29. Reb1 Bc1 30. R1b3 Bxa3 31. Rb8+ Kh7 32. Bf1 Bc5 33. Rf3 f6 34. Bh3 h5 35. Bf5+ g6 36. Rb7+ Kh6 37. Be6 Qxe4 38. Rbb3 f5 39. h4 d5 40. Kg2 d4 41. Rb8 d3 42. Rd8 Bd4 43. Bd5 Qe2 44. Bc4 e4 45. Rf4 Be5 46. Rd7 Bxf4 47. gxf4 Qf3+ 48. Kg1 Qxf4 49. Bg8 Qxh4 50. Rh7+ Kg5 0-1

[Event "EU-chT U18 Girls 2nd"]
[White "Orel, Karmen"]
[Black "Srebrnic, Ana"]
[Site "Balatonlelle"]
[Round "4"]
[Result "0-1"]
[Date "2001.06.25"]
[WhiteElo "2021"]
[BlackElo "2168"]
[PlyCount "74"]
[EventDate "2001.06.22"]
[EventType "team-swiss"]
[EventRounds "7"]
[EventCountry "HUN"]
[SourceTitle "EXT 2020"]
[Source "ChessBase"]
[SourceDate "2019.10.17"]
[SourceVersion "1"]
[SourceVersionDate "2019.10.17"]
[SourceQuality "1"]
[WhiteTeam "Slovenia U18 (W) II"]
[BlackTeam "Slovenia U18 (W)"]
[WhiteTeamCountry "SLO"]
[BlackTeamCountry "SVK"]

1. e4 d6 2. d4 Nf6 3. Nc3 g6 4. f4 Bg7 5. Nf3 0-0 6. Bd3 Nc6 7. e5 dxe5 8. fxe5 Nh5 9. Be3 Bg4 10. Be2 f6 11. exf6 Bxf6 12. 0-0 Ng7 13. Bc4+ Kh8 14. d5 Ne5 15. Be2 Nf5 16. Bf4 Bxf3 17. Bxf3 Nc4 18. Qe1 c6 19. Kh1 Qb6 20. dxc6 bxc6 21. Qe4 Qxb2 22. Qxc4 Qxc3 23. Qxc6 Qxc6 24. Bxc6 Rac8 25. Bd7 Rxc2 26. Rae1 Rxa2 27. g4 Nh4 28. g5 Bg7 29. Rxe7 Rxf4 30. Re8+ Rf8 31. Rfxf8+ Bxf8 32. Rxf8+ Kg7 33. Rf1 Ra5 34. Be6 Rxg5 35. Rf7+ Kh6 36. Rxa7 Re5 37. Bc4 Re1+ 0-1

[Event "EU-chT U18 Girls 2nd"]
[White "Padurariu, Ioana Smaranda"]
[Black "Orel, Karmen"]
[Site "Balatonlelle"]
[Round "2"]
[Result "1-0"]
[Date "2001.06.23"]
[WhiteElo "2119"]
[BlackElo "2021"]
[PlyCount "87"]
[EventDate "2001.06.22"]
[EventType "team-swiss"]
[EventRounds "7"]
[EventCountry "HUN"]
[SourceTitle "EXT 2020"]
[Source "ChessBase"]
[SourceDate "2019.10.17"]
[SourceVersion "1"]
[SourceVersionDate "2019.10.17"]
[SourceQuality "1"]
[WhiteTeam "Romania U18 (W) II"]
[BlackTeam "Slovenia U18 (W) II"]
[WhiteTeamCountry "ROU"]
[BlackTeamCountry "SLO"]

1. e4 c5 2. Nc3 Nc6 3. f4 e6 4. Nf3 d5 5. d3 d4 6. Ne2 Nf6 7. g3 Be7 8. Bh3 b6 9. 0-0 Bb7 10. Bd2 Qc7 11. a3 h5 12. Bg2 Nd7 13. h3 f5 14. Ng5 Bxg5 15. fxg5 Ne7 16. Nf4 Nf8 17. Nxh5 g6 18. Nf4 0-0-0 19. h4 Nc6 20. Qe2 Qh7 21. Rae1 e5 22. Nh3 f4 23. Qg4+ Kb8 24. gxf4 Qxh4 25. Qxh4 Rxh4 26. f5 Rg4 27. Kf2 Rd7 28. Bf3 Rh4 29. Kg3 Rdh7 30. Rh1 gxf5 31. exf5 Ne7 32. Be4 Bc8 33. Ref1 Kc7 34. c4 dxc3 35. Bxc3 Kd6 36. b4 cxb4 37. Bxb4+ Kd7 38. Bxe7 Kxe7 39. f6+ Kd8 40. Bxh7 Rxh7 41. Nf2 Bb7 42. Rxh7 Nxh7 43. Kh4 Ke8 44. Ng4 1-0